Leasing nehnuteľností vo vzťahu k daniam z príjmov a k ostatným daniam
Leasing nehnuteľností vo vzťahu k daniam z príjmov. Výhody a nevýhody leasingu nehnuteľností. Podmienky nájomcu predmetu leasingu nehnuteľností investícií. Kritériá rozhodovania prenajímateľa predmetu leasingu nehnuteľností.
Uložené v:
| Hlavný autor: | |
|---|---|
| Médium: | Kapitola |
| Jazyk: | Slovak |
| Predmet: | |
| Tagy: |
Žiadne tagy, Buďte prvý, kto otaguje tento záznam!
|
MARC
| LEADER | 00000naa a2200000 4500 | ||
|---|---|---|---|
| 001 | r035949 | ||
| 005 | 20231002072038.4 | ||
| 041 | 0 | |a slo | |
| 044 | |a SK | ||
| 245 | 1 | 0 | |a Leasing nehnuteľností vo vzťahu k daniam z príjmov a k ostatným daniam |c Milan Majcher |
| 520 | |a Leasing nehnuteľností vo vzťahu k daniam z príjmov. Výhody a nevýhody leasingu nehnuteľností. Podmienky nájomcu predmetu leasingu nehnuteľností investícií. Kritériá rozhodovania prenajímateľa predmetu leasingu nehnuteľností. | ||
| 610 | 2 | 0 | |a lízing |
| 610 | 2 | 0 | |a zmluvy |
| 610 | 2 | 0 | |a nehnuteľnosti |
| 610 | 2 | 0 | |a legislatíva |
| 610 | 2 | 0 | |a dane |
| 610 | 2 | 0 | |a dane z príjmov |
| 610 | 2 | 0 | |a investície |
| 100 | 1 | |a Majcher, Milan | |